| 000 | 01178nab a22002057a 4500 | ||
|---|---|---|---|
| 999 |
_c5903 _d5903 |
||
| 003 | OSt | ||
| 005 | 20260110005152.0 | ||
| 008 | 190605e xxu||||| |||| 00| 0 spa d | ||
| 040 | _cPJ | ||
| 100 |
_96774 _aHenriques, María Roxana |
||
| 245 | 1 | 3 |
_aEl fraude a la ley y los acuerdos de extinción. Análisis del supuesto previsto en el art. 241 de la Ley de Contrato de Trabajo y su relación con el fraude / _cMaría Roxana Henriques. |
| 260 |
_aCiudad Autónoma de Buenos Aires : _bThomson Reuters La Ley, _c2023. |
||
| 300 | _ap. 92-96 | ||
| 500 | _aCita: TR LALEY AR/DOC/1865/2023. | ||
| 505 | _aSumario: I. Introducción.— II. El art. 241 de la LCT.— III. Características.— IV. Requisitos.— V. Consecuencias.— VI. El fraude.— VII. La desigualdad negocial y el desprecio al sistema tuitivo.— VIII. Conclusión y reflexión final. | ||
| 505 | _t¿Te interesa el texto completo? Solicitalo al correo: koha@justierradelfuego.gov.ar | ||
| 650 | 0 |
_91383 _aLEY DE CONTRATO DE TRABAJO |
|
| 773 | 0 |
_02711 _93168 _dCiudad Autónoma de Buenos Aires : Thomson Reuters La Ley, 1999-2002. _tRevista de derecho del trabajo. Nº 5 - Septiembre 2023 |
|
| 942 |
_2udc _cANA |
||